| 000 | 00479nam a2200169 i 4500 | ||
|---|---|---|---|
| 001 | 36569 | ||
| 003 | ES-MaACL | ||
| 005 | 20230906155409.0 | ||
| 007 | t| | ||
| 008 | 030218s1982 sp ||||1| spa d | ||
| 100 | 1 |
_aBrown, Hugh. _931997 |
|
| 245 | 1 | 0 |
_aCerebro y comportamiento / _cHugh Brown ; [traducido por Ana Ruiz]. |
| 260 |
_aMadrid : _bParaninfo, _c1982. |
||
| 300 |
_a416 p. : _bil. ; _c22 cm. |
||
| 700 | 1 |
_aRuiz, Ana. _9100590 |
|
| 852 |
_aES-MaACL _jC-47859 _bR.103111 |
||
| 999 |
_c36569 _d36569 |
||